00539nam a2200205 a 4500001001300000003000900013005001700022008004100039020001000080082001600090100001600106245004300122260005400165300000800219500003500227505001100262650002000273650002400293700001600317nice12345678IN_TiNIC20260116011743.0050524s1970 hyda grp 000 0 urd  ac10000a297.23bGHA aGhous, Syed aAsaar-E-Qurb-E-Qiyamat Wa Bani Israeel aHyderabad bMarkazi Anjuman Taleemus Salat c1970 a71p aincludes index and biblioraphy2 aThesis aIslam-Doctrines aEschatology-Islamic1 aGhous, Syed